Statistiques concernant Italien - Verbe irrégulier (Venire)

Cliquez ici pour prendre le quiz!

Statistiques générales

  • Ce quiz a été pris 9 fois
  • Le résultat moyen est 21 sur 49

Statistiques - réponses

Tempo - PersonaConiugazione% Correct
iovengo
100%
lorovengono
89%
noiveniamo
78%
voivenite
78%
lui/leiviene
78%
tuvieni
78%
lui/leiveniva
56%
noivenivamo
56%
lorovenivano
56%
voivenivate
56%
tuvenivi
56%
iovenivo
56%
io (maschile)venendo
33%
lui/leivenga
33%
iovenga
33%
tuvenga
33%
lui/leivenga
33%
lorovengano
33%
lorovengano
33%
noiveniamo
33%
noiveniamo
33%
voiveniate
33%
noivenimmo
33%
lui/leivenisse
33%
lorovenissero
33%
tuvenissi
33%
iovenissi
33%
noivenissimo
33%
voiveniste
33%
voiveniste
33%
tuvenisti
33%
voivenite
33%
lui/leivenne
33%
lorovennero
33%
iovenni
33%
io (maschile)venuto
33%
lui/leiverrà
33%
tuverrai
33%
loroverranno
33%
lui/leiverrebbe
33%
loroverrebbero
33%
ioverrei
33%
noiverremmo
33%
noiverremo
33%
voiverreste
33%
tuverresti
33%
voiverrete
33%
ioverrò
33%
tuvieni
33%

Distribution des résultats

Percentile par nombre de réponses

% des personnes avec chaque résultat

Votre développement - résultats

Vous n’avez pas pris ce quiz